| Tag |
First Indicator |
Second Indicator |
Subfields |
| LEADER |
00000cgm a2200000Mi 4500 |
| 001 |
in00005564521 |
| 006 |
m o c |
| 007 |
cr |n||||||||a |
| 007 |
vz |za|z| |
| 008 |
170525s1995 cau057 e o vueng d |
| 005 |
20241201231521.0 |
| 035 |
|
|
|a (OCoLC)ocn989791580
|
| 040 |
|
|
|a ALSTP
|b eng
|e rda
|e pn
|c ALSTP
|d OCLCO
|d OCLCF
|d OCLCQ
|d OCLCO
|d OCL
|d OCLCO
|d OCLCQ
|d OCLCL
|d OCLCQ
|d DXU
|d OCLCO
|d OCLCQ
|
| 019 |
|
|
|a 1373495315
|a 1444008327
|
| 035 |
|
|
|a (OCoLC)989791580
|z (OCoLC)1373495315
|z (OCoLC)1444008327
|
| 043 |
|
|
|a a-ja---
|
| 082 |
0 |
4 |
|a 940.5425
|q OCoLC
|
| 049 |
|
|
|a TXAM
|
| 245 |
0 |
0 |
|a Rain of ruin :
|b the bombing of Nagasaki /
|c directed by Deborah Hinton.
|
| 264 |
|
1 |
|a San Francisco, CA :
|b The Video Project,
|c 1995.
|
| 300 |
|
|
|a 1 online resource (57 min.)
|
| 306 |
|
|
|a 005602
|
| 336 |
|
|
|a two-dimensional moving image
|b tdi
|2 rdacontent
|
| 337 |
|
|
|a video
|b v
|2 rdamedia
|
| 337 |
|
|
|a computer
|b c
|2 rdamedia
|
| 338 |
|
|
|a other
|b vz
|2 rdacarrier
|
| 338 |
|
|
|a online resource
|b cr
|2 rdacarrier
|
| 347 |
|
|
|a data file
|2 rda
|
| 490 |
0 |
|
|a Academic Video Online
|
| 500 |
|
|
|a Title from resource description page (viewed May 25, 2017).
|
| 520 |
|
|
|a This powerful video features a comprehensive examination of one of the most important, yet little-understood episodes in modern history - the several months leading up to the atomic bombings of Japan, which both ended World War II and shaped the world's geo-political landscape for the next 50 years. To compel Japan's unconditional surrender, President Truman threatened a "rain of ruin," culminating in the bombing of Nagasaki on August 9, 1945. RAIN OF RUIN investigates the key political and military motivations for the atomic bombings, especially the Nagasaki bombing. Did Japan finally surrender because of the atomic bombs or were there other reasons? Was the bomb’s true aim to make an impression on Stalin? And, why did the Soviet Union enter the Pacific War on the very date Nagasaki was bombed? Top historical scholars present and discuss the principal theories, revealing the bombing to be a more complex historical event than commonly believed. The program draws on previously unpublished and declassified documents from the U.S., Japanese and Soviet archives, as well as remarkable film footage.
|
| 546 |
|
|
|a In English.
|
| 650 |
|
0 |
|a World War, 1939-1945
|z Japan
|v Personal narratives, Japanese.
|
| 650 |
|
0 |
|a Atomic bomb victims
|z Japan
|z Nagasaki-shi.
|
| 650 |
|
0 |
|a Atomic bomb victims.
|
| 651 |
|
0 |
|a Nagasaki-shi (Japan)
|x History
|y Bombardment, 1945.
|
| 650 |
|
6 |
|a Victimes de bombardements atomiques
|z Japon
|z Nagasaki.
|
| 650 |
|
6 |
|a Victimes de bombardements atomiques.
|
| 651 |
|
6 |
|a Nagasaki (Japon)
|x Histoire
|y 1945 (Bombardement)
|
| 650 |
|
7 |
|a Atomic bomb victims
|2 fast
|
| 651 |
|
7 |
|a Japan
|2 fast
|1 https://id.oclc.org/worldcat/entity/E39PBJkT7GyCmyjxytDfqk6Yfq
|
| 651 |
|
7 |
|a Japan
|z Nagasaki-shi
|2 fast
|1 https://id.oclc.org/worldcat/entity/E39PBJm4V69yqKRgwJCYkrKTpP
|
| 647 |
|
7 |
|a World War
|d (1939-1945)
|2 fast
|1 https://id.oclc.org/worldcat/entity/E39Qhp4vBbhpRH9XvjbDFXtxhb
|
| 647 |
|
7 |
|a Bombardment of Nagasaki-shi
|c (Nagasaki-shi, Japan :
|d 1945)
|2 fast
|1 https://id.oclc.org/worldcat/entity/E39Qhp4vBb9Md7HwVyg64R3RHK
|
| 648 |
|
7 |
|a 1939-1945
|2 fast
|
| 655 |
|
2 |
|a Documentaries and Factual Films
|
| 655 |
|
7 |
|a documentary film.
|2 aat
|
| 655 |
|
7 |
|a Documentary films
|2 fast
|
| 655 |
|
7 |
|a Historical films
|2 fast
|
| 655 |
|
7 |
|a History
|2 fast
|
| 655 |
|
7 |
|a Personal narratives
|v Japanese
|2 fast
|
| 655 |
|
7 |
|a Documentary films.
|2 lcgft
|
| 655 |
|
7 |
|a Historical films.
|2 lcgft
|
| 655 |
|
7 |
|a Documentaires.
|2 rvmgf
|
| 655 |
|
7 |
|a Films historiques.
|2 rvmgf
|
| 700 |
1 |
|
|a Hinton, Deborah,
|e director.
|
| 856 |
4 |
0 |
|u http://proxy.library.tamu.edu/login?url=https://www.aspresolver.com/aspresolver.asp?MARC;3404300
|z Connect to this streaming video (Alexander Street Press)
|t 0
|
| 955 |
|
|
|a Alexander Street Press subscription streaming video
|
| 994 |
|
|
|a 92
|b TXA
|
| 999 |
f |
f |
|s 60437a8e-143c-4dff-a1f8-c37fc2b27445
|i 9e010eb7-86ee-45b0-a70f-76a326adac57
|t 0
|
| 952 |
f |
f |
|a Texas A&M University
|b College Station
|c Electronic Resources
|d Available Online
|t 0
|h Library of Congress classification
|
| 998 |
f |
f |
|t 0
|l Available Online
|